000 00481cam a22001097a 4500
008 180718b1968 xxu||||| |||| 00| 0 eng d
082 _aXA94x54 In2/23
245 _aReport on family living survey among industrial workers 1958-59 : Asansol
_cby Labour Bureau, Ministry of Labour Employment and Rehabilitation, India
260 _aDelhi
_bThe Manager Government of India Press
_c1968
300 _a119+p.
700 _aIndia. Ministry of Labour Employment and Rehabilitation.Labour Bureau
999 _c498943
_d498943